Normal view
MARC view
Entry Corporate Name
001 - CONTROL NUMBER
- control field: 24794
003 - CONTROL NUMBER IDENTIFIER
- control field: ARRUPE
005 - DATE AND TIME OF LATEST TRANSACTION
- control field: 20160811114254.0
008 - FIXED-LENGTH DATA ELEMENTS
- fixed length control field: 160811|| aca||aabn | a|a d
040 ## - CATALOGING SOURCE
- Original cataloging agency: ARRUPE
- Transcribing agency: ARRUPE
110 ## - HEADING--CORPORATE NAME
- Corporate name or jurisdiction name as entry element: National University of Lesotho.
- Subordinate unit: Institute of Southern African Studies.
670 ## - SOURCE DATA FOUND
- Source citation: Work cat.: (ARRUPE)0: Southern African Development Coordination Conference. Meeting (4th : 1983 : Maseru, Lesotho) 24790, SADCC, Maseru ... /, 1983]